000
00306nam a22001337a 4500
008
171006b xxu||||| |||| 00| 0 eng d
020
_a
9780323023641
041
_a
eng
080
_2
4TH
_a
159.9
100
_a
49
101
_a
PSI
245
_a
CHILD WITH A CHRONIC CONDITION
_c
ALLEN,P.J
942
_2
udc
_c
BK
999
_c
32173
_d
32173